Normal view
MARC view
- Desinformación
Entry Materia
001 - NÚMERO DE CONTROL DEL REGISTRO
- campo de control: 59213
003 - IDENTIFICADOR DE NUMERO DE CONTROL
- campo de control: MX-MxUPN
005 - FECHA Y HORA DE LA ÚLTIMA TRANSACCIÓN
- campo de control: 20260406160553.0
008 - DATOS DE LONGITUD FIJA
- campo de control de longitud fija: 260406nn annnnbabn n ana d
040 ## - FUENTE DE LA CATALOGACIÓN
- Centro catalogador de origen: MX-MxUPN
- Lengua de catalogación: spa
053 #4 - NÚMERO CLASIFICADOR - BIBLIOTECA DEL CONGRESO (LC)
- Elemento numérico de la clasificación - Número único o no. inicial del rango: HM1231
150 ## - ENCABEZAMIENTO - TEMÁTICO
- Término de materia o nombre geográfico como elemento inicial: Desinformación
- Subdivisión de materia general: Estudio y enseñanza
670 ## - FUENTE EN LA QUE SE LOCALIZARON DATOS
- Cita de la fuente: Autoridades LIBRUNAM, 6 abril 2026 :
- Información localizada: (Desinformación)
- Identificador Uniforme del Recurso: https://librunam.dgb.unam.mx/
670 ## - FUENTE EN LA QUE SE LOCALIZARON DATOS
- Cita de la fuente: Autoridades BGTQ, 6 abril 2026 :
- Información localizada: subdivisión general (Estudio y enseñanza)
680 ## - NOTA GENERAL CON DESPLIEGUE PÚBLICO
- Texto explicativo: Aquí se asientan obras sobre el estudio y enseñanza de la información falsa, engañosa o trivial que se difunde de forma deliberada y/o encubierta, a menudo por una organización de inteligencia para confundir las operaciones de inteligencia de otra nación.
902 ## - CATALOGADOR
- Catalogador: VíctorGodínez/060426
